000
00406nam a2200145Ia 4500
008
100204s9999 xx 000 0 und d
082
_b
4861
100
_a
इनामदार ना.स.
245
_a
झुंज
260
_b
कॉन्टिनेन्टल प्रकाशन पुणे
_c
1966
300
_a
620+2
630
_a
झुंज
730
_a
झुंज
942
_c
BOOK
999
_c
449534
_d
449531